000 00330nam a22001457a 4500
008 210428b ||||| |||| 00| 0 eng d
020 _a0153732059
041 _aeng
080 _a94
082 _a94
100 _a16
101 _aHIS
245 _aThe United States its History and Neighbors
_cJohn Barbini
942 _2udc
_cBK
999 _c56883
_d56883